Les chansons de Bad Bunny - Mort subite - Statistiques

Statistiques générales
  • Ce quiz a été pris 1 059 fois
    1 049 depuis la dernière actualisation
  • Le résultat moyen est 7 sur 10
Answers on the Grid
Answers color-coded by a green-red scale on the quiz's grid according to % correct below.
DtMF
DpMF
DiMF
NUEVAYoL
Tití Me Preguntó
DÁKITI
Moscow Mule
LA CANCIÓN
LA NOCHE DE ANOCHE
I Like It
I Like You
Ojitos Lindos
Lágrimas de Oro
No Me Llamen Más
Playa Sin Ti
Besos Tóxicos
Rompe el Corazón
un x100to
 
Statistiques - réponses
Réponse % Correct
NUEVAYoL
86%
DtMF
83%
Tití Me Preguntó
81%
DÁKITI
80%
LA CANCIÓN
70%
Moscow Mule
61%
LA NOCHE DE ANOCHE
57%
Ojitos Lindos
54%
I Like It
53%
un x100to
38%
Aucun quiz correspondant
Distribution des résultats
% des personnes avec chaque résultat
Percentile par nombre de réponses
Votre historique - résultats
Vous n’avez pas pris ce quiz depuis la dernière actualisation